000 01938nam a2200277Ia 4500
999 _c41538
_d41538
001 8205
003 GE_BSU
005 20221006102046.0
008 181216s2013ge xx |||||||||||||| ||geo||
020 _a9789941434334(I.ტ)
040 _cGE_BSU
041 _ageo
080 _a821.353.1-91+398.22(=353.1) ა-95
245 _aაჭარული საუნჯე I. /
_cმთ.რედ. ალიოშა ბაკურიძე,რედ. ნოდარ კახიძე,როინ მალაყმაძე,ნანული ნოღაიდელი,ბიჭიკო დიასამიძე,შუშანა ფუტკარაძე.
264 _aბათუმი :
_bშოთა რუსთაველის სახელმწ.უნ-ტის გამ-ბა,
_c2013.
300 _a670 გვ;
_c29 სმ.
500 _aტომი ეძღვნება 1958 წლის ზემო აჭარაში ბათუმის ნ. ბერძენიშვილის სახ. სამეცნ.-კვლევ. ინ-ტის მიერ
501 _aფ.პორტ.ლექსიკონი გვ:625-651.გეოგრაფ.სახელთა საძ:652-653.
541 _h12ლ.43თ.
653 _aაჭარული საუნჯე
653 _aაჭარული ზეპირსიტყვიერება.
700 _a ბაკურიძე, ალიოშა
_eმთავარი რედაქტორი
_915074
700 _aკახიძე, ნოდარ
_eრედაქტორი [და სხვ.
_915075
710 _aნიკო ბერძენიშვილის ინ-ტის ფოლკლორის,დიალექტოლოგიისა და ემიგრანტული ლიტ.კვლევის განყოფილება.
_915076
942 _cBK
_2udc